Итоговая научно-образовательная конференция студентов Казанского федерального университета 2013 года. Т. 5: Институт филологии и искусств, Факультет журналистики и социологии, Институт педагогики и психологии (Запись № 9760380)

Подробности
000 -МАРКЕР
контрольное поле 02128nam2a2200265 4500
001 - ИДЕНТИФИКАТОР ЗАПИСИ
контрольное поле RU\NLR\BIBL_A\010411392
005 - ИДЕНТИФИКАТОР ВЕРСИИ
контрольное поле 20250614044723.0
010 ## - МЕЖДУНАРОДНЫЙ СТАНДАРТНЫЙ НОМЕР КНИГИ (ISBN)
Номер (ISBN) 978-5-00019-130-9
Тираж 200
021 ## - НОМЕР ГОСУДАРСТВЕННОЙ РЕГИСТРАЦИИ
Код страны Российская Федерация
Номер 2014-32547
Номер Листа государственной регистраци 1989
035 ## - ДРУГИЕ СИСТЕМНЫЕ НОМЕРА
Идентификатор записи (NLR Aleph) 010411392
100 ## - ДАННЫЕ ОБЩЕЙ ОБРАБОТКИ
Данные общей обработки 20140710d2013 |||y0rusy50 ca
101 0# - ЯЗЫК РЕСУРСА
Язык текста, звукозаписи и т.д. русский
102 ## - СТРАНА ПУБЛИКАЦИИ ИЛИ ПРОИЗВОДСТВА
Страна публикации Российская Федерация
105 ## - ПОЛЕ КОДИРОВАННЫХ ДАННЫХ: ТЕКСТОВЫЕ МАТЕРИАЛЫ, МОНОГРАФИЧЕСКИЕ
Кодированные данные о монографическом текстовом документе a|||z|||100yy
200 1# - ЗАГЛАВИЕ И СВЕДЕНИЯ ОБ ОТВЕТСТВЕННОСТИ
Основное заглавие Институт филологии и искусств, Факультет журналистики и социологии, Институт педагогики и психологии
210 ## - ПУБЛИКАЦИЯ, РАСПРОСТРАНЕНИЕ И ДР.
Дата издания, распространения и т.д. 2013
Место издания, распространения и т.д. Б. м.
215 ## - ФИЗИЧЕСКАЯ ХАРАКТЕРИСТИКА
Специфическое обозначение материала и объем 255 с.
Другие сведения о физической характеристике ил.
300 ## - ОБЩИЕ ПРИМЕЧАНИЯ
Текст примечания Часть текста на тат. яз.
320 ## - ПРИМЕЧАНИЯ О НАЛИЧИИ В ДОКУМЕНТЕ БИБЛИОГРАФИИ / УКАЗАТЕЛЯ
Текст примечания Библиогр. в конце ст.
461 #0 - УРОВЕНЬ НАБОРА
Встроенное поле 001RU\NLR\BIBL_A\010414447
-- 2000#$aИтоговая научно-образовательная конференция студентов Казанского федерального университета 2013 года$eсборник статей$e[в 5 т.]$fМ-во образования и науки Рос. Федерации, Федер. гос. автоном. образоват. учреждение высш проф. образования "Каз. (Приволж.) федер. ун-т"$vТ. 5
Системный номер (АБИС) связанной записи 9779585
Автор Казанский (Приволжский) федеральный университет. Итоговая научно-образовательная конференция студентов (2013)
Место публикации Казань
Дата публикации 2013
Первые сведения об ответственности М-во образования и науки Рос. Федерации, Федер. гос. автоном. образоват. учреждение высш проф. образования "Каз. (Приволж.) федер. ун-т"
Имя издателя, распространителя и т.д. Казанский университет
Сведения, относящиеся к заглавию сборник статей : [в 5 т.]
Заглавие Итоговая научно-образовательная конференция студентов Казанского федерального университета 2013 года
Номер тома Т. 5
942 ## - ДОПОЛНИТЕЛЬНЫЕ ЭЛЕМЕНТЫ ЗАПИСИ (АБИС)
Тип экземпляра АБИС Книга
980 ## - КОЛЛЕКЦИЯ
Название коллекции Национальная библиография
Экземпляры
Тип экземпляра Дата поступления Источник поступления Библиотека постоянного хранения Библиотека текущего хранения Место хранения Шифр хранения Штрих-код Статус экземпляра
Книга 02.07.2014 Обязательный экземпляр РНБ (Московский) РНБ (Московский) Русский книжный фонд: издания с 1957 года 2014-8/2026 1-584638  
Книга 02.07.2014 Обязательный экземпляр РНБ (Московский) РНБ (Московский) Русский книжный фонд: издания с 1957 года 2014-8/2026 1-584639